Expressions des rageux - Statistiques

Statistiques générales
  • Ce quiz a été pris 99 fois
  • Le résultat moyen est 4 sur 19
Statistiques - réponses
Hint Réponse % Correct
Pète moi le cul
85%
Batard de ses morts
70%
Dis moi pas que c'est pas vrai
60%
Lâche moi la grappe
49%
Ah Bon
23%
T'as pas l'air de me croire
17%
cuis cuis cuis cuis
15%
Thierry ? et toi ? Thierry aussi
15%
Tu penses
14%
Je me chie dessus
13%
Méchantes couilles
11%
C'est ça le tennis
11%
Eh toi petit noir
11%
Torchon chiffon carpette
10%
Avec tout le respect
10%
Retour à babouche land
8%
Dans le cul d'un ane
8%
C'est de la Dynamite
7%
Et je fais un smash plus tard
7%
Aucun quiz correspondant
Distribution des résultats
% des personnes avec chaque résultat
Percentile par nombre de réponses
Votre historique - résultats
Vous n’avez pas pris ce quiz